000 00553nam a2200205Ia 4500
005 20250508160604.0
008 008 250505s9999 xx 000 0 eng d
037 _aTextual
040 _aFEDL
_beng
_cFEDL
041 _aeng
_2eng
084 _a152.8, CRO
_qFEDL
100 _aCronbach Lee J.
245 0 _aEssentials of psychological testing
250 _a3rd
260 _aNew York, USA
_bHarper and Row
_c1960
300 _axxx,752p.
650 _aPsychometry
_9441581
942 _cTEXL
_h152.8, CRO
999 _c1365484
_d1365484